Estrellas negras /
Guardado en:
| Hovedforfatter: | |
|---|---|
| Format: | Bog |
| Sprog: | spansk |
| Udgivet: |
Barcelona, España :
Anagrama,
2016, c2016
|
| Serier: | (Crónicas Anagrama ;
110) |
| Fag: | |
| Tags: |
Ingen Tags, Vær først til at tagge denne postø!
|
MARC
| LEADER | 00000nam^a2200000^a^4500 | ||
|---|---|---|---|
| 001 | 000413764 | ||
| 005 | 20250521000000.0 | ||
| 009 | 20260310122214.944 | ||
| 020 | |a 978-607-8441-39-6 | ||
| 037 | |a Acervo ITESO - Biblioteca | ||
| 041 | |a ESP | ||
| 082 | |a 320. 960326 |b KAP | ||
| 100 | |a Kapuściński, Ryszard |e (autor) | ||
| 245 | 1 | 0 | |a Estrellas negras / |c R. Kapuściński ; tr. por Agata Orzeszek. |
| 264 | 4 | |a Barcelona, España : |b Anagrama, |c 2016, c2016 | |
| 300 | |a 220 p. | ||
| 336 | |a texto |b txt |2 rdacontenido | ||
| 337 | |a sin mediación |b n |2 rdamedio | ||
| 338 | |a volumen |b nc |2 rdasoporte | ||
| 440 | 1 | |a (Crónicas Anagrama ; |v 110) | |
| 500 | |a Traducción de: Czarne gwiazdy | ||
| 545 | 0 | |a Ryszard Kapuściński, nacido y muerto en Polonia (1932-2007), es considerado por muchos el mejor reportero del siglo XX. Egresado de la Universidad de Varsovia, ejerció el periodismo primero en su país y después como corresponsal extranjero desde 1981. Además de su trabajo cotidiano en los medios para los que colabora, es autor de complejas y amenas monografías sobre Africa (Ebano), el último sha de Irán (El emperador, el Sha), Haile Selassie (El Imperio), el futbol (La guerra del futbol) y el periodismo (Los cínicos no sirven para este oficio), entre otros. Su estilo, que se nutre por igual del reportaje que de la literatura, lo ha convertido en un clásico con reconocimiento mundial. | |
| 586 | |a Premio Príncipe de Asturias de Comunicación y Humanidades 2003, ex aequo | ||
| 649 | |a XX | ||
| 650 | |a Jefes de Estado Ghaneses | ||
| 650 | |a Jefes de Estado Zaireños | ||
| 650 | |a Políticos Ghaneses | ||
| 650 | |a Políticos Zaireños | ||
| 650 | |a Independencia Política - |z Ghana - |x Historia - |y 1960-1969 | ||
| 650 | |a Independencia Política - |z Zaire - |x Historia - |y 1960-1969 | ||
| 650 | |a Política - |z Ghana - |x Historia - |y 1960-1969 | ||
| 650 | |a Política - |z Ghana - |x Historia - |y Siglo XX | ||
| 650 | |a Política - |z Zaire - |x Historia - |y 1960-1969 | ||
| 650 | |a Política - |z Zaire - |x Historia - |y Siglo XX | ||
| 650 | |a Política - |z Africa - |x Historia - |y 1960-1969 - |x Tema Principal | ||
| 650 | |a Política - |z Africa - |x Historia - |y Siglo XX | ||
| 650 | |a Literatura y Política | ||
| 650 | |a Literatura y Periodismo | ||
| 650 | |a Africa - |x Historia - |y 1960-1969 | ||
| 650 | |a Africa - |x Historia - |y Siglo XX | ||
| 650 | |a Nkrumah, Kwame - |x Tema Principal | ||
| 650 | |a Lumumba, Patrice Emery - |x Tema Principal | ||
| 910 | |a Fondo General | ||
| 920 | |a Impresos - Libros | ||
| 930 | |a Colección General | ||
| 905 | |a 101 | ||
| 901 | |a 0500311244 |b IT1 |c ACC |i C163930 |u 20250521 | ||
| 902 | |a https://opac.biblio.iteso.mx/vufind/Record/000413764 | ||